Normal view
MARC view
- Westinghouse Electric cor,
Entry Personal Name
001 - CONTROL NUMBER
- control field: 7867
003 - CONTROL NUMBER IDENTIFIER
- control field: OSt
005 - DATE AND TIME OF LATEST TRANSACTION
- control field: 20260213113632.0
008 - FIXED-LENGTH DATA ELEMENTS
- fixed length control field: 260213|| aca||aabn | a|a d
040 ## - CATALOGING SOURCE
- Original cataloging agency: OSt
- Transcribing agency: OSt
100 ## - HEADING--PERSONAL NAME
- Personal name: Westinghouse Electric cor,
670 ## - SOURCE DATA FOUND
- Source citation: Work cat.: (OSt)8950: Westinghouse Electric cor, ., Electrical transmission and distribution: Reference book / , 1950.
